| 000 | 00856nam a2200265Ia 4500 | ||
|---|---|---|---|
| 003 | OSt | ||
| 005 | 20220926014112.0 | ||
| 006 | a|||||r|||| 00| 0 | ||
| 007 | ta | ||
| 008 | 220923b |||||||| |||| 00| 0 eng d | ||
| 020 |
_a9781509814190 _c599.00 |
||
| 037 |
_b2207, 13/12/2019, Dhanraj Book House _cGeneral Book |
||
| 040 |
_aRTL _cRTL _beng |
||
| 041 |
_2eng _aeng |
||
| 082 | _aX:8.P, Q8 | ||
| 100 |
_aTIMMS Henry _9319786 |
||
| 245 | 0 |
_aNew Power _b How its changing the 21st Century- and why you need to know. |
|
| 260 |
_aNew York _bMacmillan _c2018 |
||
| 300 |
_a325p. _ccm. |
||
| 490 | _aRoutledge Studies in Anthropology | ||
| 650 | _aCommerce | ||
| 700 |
_a HEIMANS Jeremy _9319787 |
||
| 942 |
_hX:8.P, Q8 _cGB _2CC |
||
| 999 |
_c627857 _d627857 |
||